Представление документа в формате RUSMARC

Поле Инд. ПП Название Значение
Тип записи a
Библиографический уровень a
001 Контрольный номер RU/REP/BASE/00004342
005 Дата корректировки 20181104132000.8
200 1_ a Заглавие Уголовное законодательство о присвоении и растрате чужого имущества в советской России
f Первые сведения об ответственности Эриашвили Н.Д.
b Общее обозначение материала Текст
210 1_ d Дата издания 2015
461 _0 1 001RU/REP/BASE/00010629
1 2001
a Закон и право
463 1 20002
a №7.
v С. 111-114
1 210
d 2015
610 0_ a Ключевые слова ГРАЖДАНСКОЕ ПРАВО РФ, ЗАЩИТА ЧЕСТИ ДОСТОИНСТВА ДЕЛОВОЙ РЕПУТАЦИИ, СОВЕТСКОЕ ПРАВО, ХИЩЕНИЕ, УГОЛОВНОЕ ПРАВО, ДИФФАМАЦИЯ, ИСТОРИЯ ПРАВА РОССИИ, ПРЕСТУПЛЕНИЯ ПРОТИВ СОБСТВЕННОСТИ
700 _1 a Фамилия Эриашвили
b Имя Н.Д.
901 t Тип документа b
w Контрольный № источника 212124b945ea4b27bcf038d1bf22084c